DIE HERKUNFT DES BERNSTEINS VOM THRAKISCHEN GRÄBERFELD VON CHOTÍN

Bibliographic Details
Main Authors: CURT W. BECK (Author), Dušek, Mikuláš, 1913-1994 (Author)
Format: Article
Language:German

MARC

LEADER 00000nab a2200000 a 4500
001 vtls011130015
003 SK-MaSNL
005 20260303151141.0
008 230222|1969 xo |||||||||||||||||ger|
015 |a SNBRB 
035 |a (uuid)cbfaf999-1639-4344-bb48-7640279498de 
035 |a (urnnbn)urn:nbn:sk:snk:ar-a09jke 
035 |a urn:nbn:sk:snk-aba7o3 
040 |a SNKBUCL  |b slo  |c SNKBUCL  |e AACR2 
041 0 |a ger 
044 |a xo  |c SK 
100 1 |a CURT W. BECK  |4 aut  |9 1170334 
245 1 0 |a DIE HERKUNFT DES BERNSTEINS VOM THRAKISCHEN GRÄBERFELD VON CHOTÍN  |c Curt W. Beck, Mikuláš Dušek 
700 1 |a Dušek, Mikuláš,  |d 1913-1994  |4 aut  |9 41693 
773 0 |t Slovenská archeológia  |g Roč. 17, č. 1 (1969), s. [247]-258 
958 |a OND 
958 |a EUIPO 
958 |a article13 
999 |c 2016371  |d 2018301